| 000 | 00689nam a22002057a 4500 | ||
|---|---|---|---|
| 005 | 20081020145237.0 | ||
| 008 | 081020t xxu||||| |||| 00| 0 eng d | ||
| 010 | _aENG-84472 | ||
| 020 | _a8178842556 | ||
| 020 | _c700.00 (hb) | ||
| 035 | _aEN-68005 | ||
| 082 | _a361.1 / RAJ | ||
| 100 | _aRajawat, Arjun | ||
| 245 |
_aHuman resources and social development / _cy Arjun Rajawat |
||
| 260 |
_aNew Delhi _bCyber Tech Publications |
||
| 260 | _c2007 | ||
| 300 |
_a281p _c22cm |
||
| 942 |
_2ddc _cEN _h361.1 _mRAJ |
||
| 999 |
_c17779 _d17779 |
||